| 000 | 00643nam a2200181 i 4500 | ||
|---|---|---|---|
| 001 | 28391 | ||
| 003 | ES-MaACL | ||
| 005 | 20230906153839.0 | ||
| 007 | t| | ||
| 008 | 030117s1973 sp ||||1| spa d | ||
| 100 | 1 |
_aBainton, Roland H. _924734 |
|
| 245 | 1 | 0 |
_aServet, el hereje perseguido (1511-1553) / _cRoland H. Bainton ; bibliografía de Servet por Madeline E. Stanton... ; traducción, prólogo, bibliografía... por Angel Alcalá... |
| 260 |
_a[Madrid] : _bTaurus, _c[1973] |
||
| 300 |
_a301 p. ; _c22 cm. |
||
| 700 | 1 |
_aStanton, Madeline E. _9107913 |
|
| 700 | 1 |
_aAlcalá Galve, Ángel. _919463 |
|
| 852 |
_aES-MaACL _jC-51934 _bR.85634 |
||
| 999 |
_c28391 _d28391 |
||